Les packs des Sims 4 - Statistiques

Statistiques générales
  • Ce quiz a été pris 579 fois
    440 depuis la dernière actualisation
  • Le résultat moyen est 22 sur 46
Statistiques - réponses
Ordre de sortie Année de sortie Type de pack Nom du pack % Correct
2 2015 Pack d'extension Au Travail
85%
21 2017 Pack d'extension Chiens et Chats
83%
16 2017 Pack de Jeu Vampires
76%
14 2016 Pack d'extension Vie Citadine
76%
8 2015 Pack d'extension Vivre Ensemble
71%
25 2018 Pack d'extension Saisons
70%
28 2019 Pack d'extension Iles paradisiaques
67%
38 2021 Pack d'extension Vie à la campagne
67%
42 2022 Pack de Jeu Loups-Garous
66%
31 2019 Pack d'extension À la fac
64%
43 2023 Pack d'extension Grandir ensemble
58%
18 2017 Pack de Jeu Être Parents
57%
44 2023 Pack d'extension Vie au ranch
57%
41 2022 Pack d'extension Années Lycée
55%
46 2023 Pack d'extension À louer
54%
33 2020 Pack d'extension Écologie
54%
26 2018 Pack d'extension Heure de gloire
52%
11 2016 Pack de Jeu Au Restaurant
51%
40 2022 Pack de Jeu Mariage
50%
5 2015 Pack de Jeu Détente au Spa
49%
20 2017 Kit d'objets Bambins
48%
36 2020 Pack d'extension Escapade enneigée
48%
23 2018 Pack de Jeu Dans la jungle
46%
27 2019 Pack de Jeu StrangerVille
46%
22 2018 Kit d'objets Jour de lessive
45%
30 2019 Pack de Jeu Monde magique
45%
1 2015 Pack de Jeu Destination Nature
44%
24 2018 Kit d'objets Premier animal de compagnie
44%
32 2020 Kit d'objets Mini-maisons
42%
10 2016 Kit d'objets Jardin Romantique
40%
35 2020 Pack de Jeu Voyage sur Batuu
39%
39 2021 Pack de Jeu Décoration d'intérieur
38%
12 2016 Kit d'objets Chambre d'enfants
36%
37 2021 Kit d'objets Paranormal
34%
6 2015 Kit d'objets En Cuisine
33%
34 2020 Kit d'objets Tricot de pro
33%
19 2017 Kit d'objets Fitness
32%
29 2019 Kit d'objets Moschino
32%
13 2016 Kit d'objets En plein air
31%
3 2015 Kit d'objets Soirées de Luxe
29%
4 2015 Kit d'objets Ambiance Patio
27%
9 2016 Kit d'objets Comme au cinéma
27%
15 2017 Kit d'objets Accessoires Vintage
26%
7 2015 Kit d'objets Accessoires Effrayants
24%
17 2017 Kit d'objets Soirée Bowling
23%
45 2023 Kit d'objets Passion cuisine
22%
Aucun quiz correspondant
Distribution des résultats
% des personnes avec chaque résultat
Percentile par nombre de réponses
Votre historique - résultats
Vous n’avez pas pris ce quiz depuis la dernière actualisation